00478nam a2200157Ia 450000500170000000800410001708200130005810000100007124500270008126000420010830000140015050000360016494200060020095200990020699900150030520250324130409.0240331s9999 xx 000 0 und d bRANa894 aRanji 0aMaibKavithai Thokuppu aCoimbatorebVidiyal Pathippagamc2007 a127 p ., aCollection of Poems by 35 poets cL 001040708LaWERCLbWERCLcSSCd2024-03-31l0o 894.811 RANp6409r2024-03-31w2024-03-31yL c5643d5643